000 00252nam a2200109Ia 4500
008 190216s9999||||xx |||||||||||||| ||und||
100 _aJohar G S
245 0 _aObjective Chemistry
260 _bKumar Publications
_c1997
300 _a212p
942 _cREF
999 _c36399
_d36399